000 00319cam a22001217a 4500
008 180718b1971 xxu||||| |||| 00| 0 eng d
082 _aI571 R824
100 _aRubin, Milton D.
245 _aMan in systems
_cby M.D. Rubin
260 _aNew York
_bPraeger
_c1971
300 _a496p.
650 _aSystem theory --Congresses
999 _c353014
_d353014